| 000 | 00926cam a2200265 a 4500 | ||
|---|---|---|---|
| 001 | 16884603 | ||
| 005 | 20201128021129.0 | ||
| 008 | 110722s2011 xxke fr 001 0 eng d | ||
| 010 | _a2011030726 | ||
| 020 | _a9780273755678 (pbk.) | ||
| 040 |
_aDLC _cDLC _dDLC _dEG-ScBUE |
||
| 082 | 0 | 0 |
_a658.11 _222 _bSAN |
| 100 | 1 |
_aSanders, Ian, _d1968- _936567 |
|
| 245 | 1 | 0 |
_aZoom ! : _bthe faster way to make your business idea happen / _cIan Sanders and David Sloly. |
| 260 |
_aHarlow, United Kingdom : _bFinancial Times / Prentice Hall, _c2011 _e([Gosport, United Kingdom] : _fAshford Colour Press LTD.) |
||
| 300 |
_axiii, 155 p. : _bplans ; _c22 cm. |
||
| 500 | _aIndex : p. 152-155. | ||
| 650 | 0 |
_aNew business enterprises _9239 |
|
| 650 | 0 |
_aEntrepreneurship _9240 |
|
| 650 | 0 |
_aMarketing _94499 |
|
| 653 |
_bBUSADM _cNovember2014 |
||
| 655 |
_vreading book _934232 |
||
| 700 | 1 |
_aSloly, David _936568 |
|
| 942 |
_2ddc _k658.11 SAN |
||
| 999 |
_c18637 _d18609 |
||